The memoirs of Lady Ann Fanshawe (Record no. 62091)
[ view plain ]
| 000 -LEADER | |
|---|---|
| campo de control de longitud fija | 00514nam a2200157 i 4500 |
| 001 - NÚMERO DE CONTROL | |
| campo de control | 62091 |
| 003 - IDENTIFICADOR DE NÚMERO DE CONTROL | |
| campo de control | ES-MaACL |
| 007 - CAMPO FIJO DE DESCRIPCIÓN FÍSICA--INFORMACIÓN GENERAL | |
| campo de control de longitud fija | t| |
| 008 - DATOS DE LONGITUD FIJA--INFORMACIÓN GENERAL | |
| campo de control de longitud fija | 031118s1907 xxk ||||1| eng d |
| 100 1# - ENTRADA PRINCIPAL--NOMBRE DE PERSONA | |
| Nombre de persona | Fanshawe, Ann |
| Títulos y otros términos asociados al nombre | Lady. |
| 9 (RLIN) | 48810 |
| 245 14 - MENCIÓN DEL TÍTULO | |
| Título | The memoirs of Lady Ann Fanshawe |
| Resto del título | : wife of Sir Richard Fanshawe, Bart 1600-72 / |
| Mención de responsabilidad, etc. | Ann Fanshawe. |
| 260 ## - PUBLICACIÓN, DISTRIBUCIÓN, ETC. | |
| Lugar de publicación, distribución, etc. | London : |
| Nombre del editor, distribuidor, etc. | John Lane, |
| Fecha de publicación, distribución, etc. | 1907. |
| 300 ## - DESCRIPCIÓN FÍSICA | |
| Extensión | XCII, 617 p., 4 retr., 29 grab. ; |
| Dimensiones | 15 cm. |
| 500 ## - NOTA GENERAL | |
| Nota general | Reprinted from the original manuscript. |
| 852 ## - LOCALIZACIÓN | |
| Ubicación | ES-MaACL |
| Número de control de estantería | G-394 |
| Estatus retirado | Estado de pérdida | Estado de daño | No para préstamo | Biblioteca de origen | Biblioteca actual | Ubicación en estantería | Fecha de adquisición | Fuente de adquisición | Total de préstamos | Signatura topográfica completa | Código de barras | Visto por última vez | Precio de reemplazo | Tipo de ítem Koha |
|---|---|---|---|---|---|---|---|---|---|---|---|---|---|---|
| Biblioteca del Ateneo de Madrid | Biblioteca del Ateneo de Madrid | Depósito 2 | 17/01/2008 | G-394 | 1065097 | 23/02/2023 | 23/02/2023 | Libro impreso |
